000 00547nam a2200229Ia 4500
003 OSt
005 20221005125222.0
006 a|||||r|||| 00| 0
007 ta
008 221004b |||||||| |||| 00| 0 tam d
024 _a51758
037 _cTextual
040 _aCRL
_cCRL
_btam
041 _2tam
_atam
082 _aU8.2.D4, 31K3
100 _aRaghavan Au.
_9604088
245 0 _aPahiyan
260 _c1963
650 _aGEOGRAPHY
942 _hU8.2.D4, 31K3
_cTEXL
_2cc
999 _c1053314
_d1053314